Glory road : the journeys of 10 African-Americans into reformed Christianity / (Record no. 75437)

MARC details
000 -LEADER
fixed length control field 01483nam a22002417a 4500
003 - CONTROL NUMBER IDENTIFIER
control field PILC
005 - DATE AND TIME OF LATEST TRANSACTION
control field 20260123102014.0
008 - FIXED-LENGTH DATA ELEMENTS--GENERAL INFORMATION
fixed length control field 260123b |||||||| |||| 00| 0 eng d
010 ## - LIBRARY OF CONGRESS CONTROL NUMBER
LC control number Acc#49318
020 ## - INTERNATIONAL STANDARD BOOK NUMBER
International Standard Book Number 978-1-4335-0584-3 (Trade Paperback)
020 ## - INTERNATIONAL STANDARD BOOK NUMBER
International Standard Book Number 978-1-4335-0585-0 (PDF)
020 ## - INTERNATIONAL STANDARD BOOK NUMBER
International Standard Book Number 978-1-4335-0586-7 (Mobipocket)
040 ## - CATALOGING SOURCE
Transcribing agency Philippine Baptist Theological Seminary
050 ## - LIBRARY OF CONGRESS CALL NUMBER
Classification number BX 9498.A37
Item number G51 2009
245 ## - TITLE STATEMENT
Title Glory road : the journeys of 10 African-Americans into reformed Christianity /
Statement of responsibility, etc. edited by Anthony J. Carter.
264 ## - PRODUCTION, PUBLICATION, DISTRIBUTION, MANUFACTURE, AND COPYRIGHT NOTICE
Place of production, publication, distribution, manufacture Wheaton, Illinois :
Name of producer, publisher, distributor, manufacturer Crossway Books,
Date of production, publication, distribution, manufacture, or copyright notice ©2009.
300 ## - PHYSICAL DESCRIPTION
Extent 192 pages ;
Dimensions 22 cm.
504 ## - BIBLIOGRAPHY, ETC. NOTE
Bibliography, etc Includes bibliographical references and index.
505 ## - FORMATTED CONTENTS NOTE
Formatted contents note A plea for real answers / Reddit Andrews III --<br/>From Mecca to the Messiah / Thabiti Anyabwile --<br/>Clemson University saved my life / Anthony D. Bradley --<br/>Doesn't everyone believe the same thing? / Anthony J. Carter --<br/>Grace and greater union / Ken Jones --<br/>I remember it well / Michael Leach --<br/>The Old bait and switch / Lance Lewis --<br/>The doors of the church are opened! / Louis C. Love Jr. --<br/>Sovereign in a sweet home, school, and solace / Eric C. Redmond --<br/>Looking for love in all the wrong places / Roger Skepple --<br/><br/>Afterword: Black, reformed, but foremost Christian / Anthony J. Carter.
650 ## - SUBJECT ADDED ENTRY--TOPICAL TERM
Topical term or geographic name as entry element African American Reformed (Reformed Church)
Form subdivision Biography
650 ## - SUBJECT ADDED ENTRY--TOPICAL TERM
Topical term or geographic name as entry element Reformed Church converts
Geographic subdivision United States
Form subdivision Biography
942 ## - ADDED ENTRY ELEMENTS (KOHA)
Source of classification or shelving scheme Library of Congress Classification
Koha item type Circulation Books
Holdings
Withdrawn status Lost status Source of classification or shelving scheme Damaged status Not for loan Home library Current library Shelving location Date acquired Source of acquisition Total Checkouts Full call number Barcode Date last seen Price effective from Koha item type
    Library of Congress Classification     PBTS Library PBTS Library Circulation Section 01/23/2026 Gift   BX 9498.A37 G51 2009 49318 01/23/2026 01/23/2026 Circulation Books

Philippine Baptist Theological Seminary | 19 Tacay Road, Central Guisad, Baguio City 2600, Philippines